Catálogo público

Teoría microeconómica / (Record no. 164867)

MARC details
000 -CABECERA
campo de control de longitud fija 00997nam a2200337Ia 4500
001 - NÚMERO DE CONTROL
campo de control Z_1776
003 - IDENTIFICADOR DEL NÚMERO DE CONTROL
campo de control CHAP
008 - DATOS DE LONGITUD FIJA--INFORMACIÓN GENERAL
campo de control de longitud fija 220113s1999 xx 000 0 und d
010 ## - NÚMERO DE CONTROL DE LA BIBLIOTECA DEL CONGRESO
Número de control de LC 164867
020 ## - NÚMERO INTERNACIONAL ESTÁNDAR DEL LIBRO
Número Internacional Estándar del Libro 968-16-4087-X \ 0-25-02996-2 (Título original)
040 ## - FUENTE DE LA CATALOGACIÓN
Centro/agencia transcriptor CHAP
082 ## - NÚMERO DE LA CLASIFICACIÓN DECIMAL DEWEY
Número de clasificación 339.23 G68
100 ## - ENTRADA PRINCIPAL--NOMBRE DE PERSONA
Nombre de persona Gould, John P.
9 (RLIN) 50119
245 ## - MENCIÓN DE TÍTULO
Título Teoría microeconómica /
Mención de responsabilidad, etc. John P. Gould y Edward P. Lazer; traducción Eduardo L. Suárez
250 ## - MENCIÓN DE EDICIÓN
Mención de edición 3a. reimpresión
260 ## - PUBLICACIÓN, DISTRIBUCIÓN, ETC.
Lugar de publicación, distribución, etc. México :
Nombre del editor, distribuidor, etc. Fondo de Cultura Económica,
Fecha de publicación, distribución, etc. 1999
300 ## - DESCRIPCIÓN FÍSICA
Extensión 870 p.
440 ## - MENCIÓN DE SERIE/PUNTO DE ACCESO ADICIONAL--TÍTULO
Título Textos de economía
9 (RLIN) 112572
500 ## - NOTA GENERAL
Nota general Titulo original: Microecomic theory de 1989.
503 ## - NOTA DE HISTORIA BIBLIOGRÁFICA (BK CF MU) [OBSOLETO]
Nota de historia bibliográfica ej.1:194061 \ ej.2:199928 \ ej.3C/E
504 ## - NOTA DE BIBLIOGRAFÍA, ETC.
Nota de bibliografía, etc. Incluye bibligrafía
650 ## - PUNTO DE ACCESO ADICIONAL DE MATERIA--TÉRMINO DE MATERIA
Término de materia o nombre geográfico como elemento de entrada Microeconomía
9 (RLIN) 75508
700 ## - PUNTO DE ACCESO ADICIONAL--NOMBRE DE PERSONA
Nombre de persona Suárez Eduardo L., tr.
9 (RLIN) 138931
700 ## - PUNTO DE ACCESO ADICIONAL--NOMBRE DE PERSONA
Nombre de persona Lazer, Edward P., coaut.
9 (RLIN) 138932
901 ## - ELEMENTOS DE DATOS A LOCAL LDA (RLIN)
a 339.23 G68
902 ## - ELEMENTOS DE DATOS B LOCAL, LDB (RLIN)
a M
910 ## - DATOS DE OPCIÓN DEL USUARIO (OCLC)
Datos de opción del usuario 1999
942 ## - ELEMENTOS DE PUNTO DE ACCESO ADICIONAL (KOHA)
Tipo de ítem Koha Libro_
942 ## - ELEMENTOS DE PUNTO DE ACCESO ADICIONAL (KOHA)
Tipo de ítem Koha
Holdings
Estado de retiro Estado de pérdida Fuente del sistema de clasificación o colocación Estado dañado No para préstamo Código de colección Localización permanente Ubicación/localización actual Ubicación en estantería Fecha de adquisición Código de barras Fecha visto por última vez Número de copia Precio válido a partir de Tipo de ítem Koha
    Dewey Decimal Classification     General Zootecnia Zootecnia   01/02/2013 z_3197 18/01/2022 1 18/01/2022 Libro
    Dewey Decimal Classification     General Zootecnia Zootecnia   01/02/2013 z_3689 18/01/2022 2 18/01/2022 Libro
    Dewey Decimal Classification     General Zootecnia Zootecnia   01/02/2013 z_6031 18/01/2022 3 18/01/2022 Libro